Cercle de Comparació Intermunicipal de mercats municipals : resultats resultats
Descripción Física:
4 volums : gràfics ; 29 cm
Idioma:
Catalán
MARC
| LEADER | 00000nam a2200000Ia 4500 | ||
|---|---|---|---|
| 001 | 19924 | ||
| 003 | Arxiu | ||
| 005 | 20260324181051.0 | ||
| 008 | 160829m20072012spc xx s s cat c | ||
| 040 | |a AGDB | ||
| 080 | |a M-5-496 | ||
| 080 | |a M-6-166 | ||
| 080 | |a Bib-74 | ||
| 080 | |a Bib-712 | ||
| 245 | 0 | 0 | |a Cercle de Comparació Intermunicipal de mercats municipals : |b resultats |
| 260 | |a Barcelona: |b Diputació de Barcelona. Àrea de Comerç. Xarxa de Mercats Municipals, |c 2007-2012 | ||
| 300 | |a 4 volums : |b gràfics ; |c 29 cm | ||
| 310 | |a Anual | ||
| 590 | |a Recull estadístics anuals de les jornades de treball del Cercle de Comparació Intermunicipal de Mercats Municipals | ||
| 650 | 0 | |a Mercats |x Barcelona (Província) |9 39474 | |
| 650 | 0 | |a Mercats |z Barcelona (Província) |x Estadístiques |9 49235 | |
| 710 | 2 | |a Cercles de Comparació Intermunicipal |9 53629 | |
| 710 | 1 | |a Barcelona (Catalunya : Província). |b Xarxa de Mercats Municipals |9 55055 | |
| 710 | 1 | |a Barcelona (Catalunya : Província). |b Oficina de Mercats i Fires Locals |9 53630 | |
| 710 | |a Barcelona (Catalunya : Província). |b Servei de Programació |9 53631 | ||
| 866 | |a 2006 | ||
| 866 | |a 2007 | ||
| 866 | |a 2008 | ||
| 866 | |a 2011 | ||
| 901 | |a Arxiu | ||
| 942 | |n 1 |2 udc |c ARXIU | ||
| 952 | |0 0 |1 0 |4 0 |7 1 |9 51898 |a Arxiu |b Arxiu |d 2023-04-03 |h 2006 (1a edició) |o M-5-496 |p 19924 |r 2016-12-01 00:00:00 |w 2016-12-01 |y ARXIU | ||
| 952 | |0 0 |1 0 |4 0 |7 1 |9 54121 |a Arxiu |b Arxiu |d 2023-04-03 |h 2007 (2a edició) |o M-6-166 |p 21216 |r 2016-12-01 00:00:00 |w 2016-12-01 |y ARXIU | ||
| 952 | |0 0 |1 0 |4 0 |7 1 |9 55218 |a Arxiu |b Arxiu |d 2023-04-03 |h 2008 (3a edició) |o Bib-74 |p 23846 |r 2016-12-01 00:00:00 |w 2016-12-01 |y ARXIU | ||
| 952 | |0 0 |1 0 |4 0 |7 1 |9 62553 |a Arxiu |b Arxiu |d 2022-06-28 |h 2011 (6a edició) |o Bib-712 |p 26072 |r 2022-06-28 00:00:00 |w 2022-06-28 |y ARXIU | ||
| 999 | |c 55744 |d 55744 | ||